000 00736nam a2200157Ia 4500
008 090711s9999 xx 000 0 und d
082 _b980
100 _aबापट सदाशिव वि.
245 _aलो. टिळक यांSया आठवणी व आख्यायिका (खंड 3)
260 _b"केसरी मुद्रणालय,"
_c1928
600 _aबापट सदाशिव वि.
630 _aलो. टिळक यांSया आठवणी व आख्यायिका (खंड 3)
700 _aबापट सदाशिव वि.
730 _aलो. टिळक यांSया आठवणी व आख्यायिका (खंड 3)
942 _cBOOK
999 _c317626
_d317626